[Event "Forni di Sopra op 14th"]
[Site "Forni di Sopra"]
[Date "2023.06.14"]
[Round "6"]
[White "Giammona, Federico"]
[Black "Buglisi, Massimo"]
[Result "1-0"]
[WhiteElo "2130"]
[BlackElo "1915"]
[PlyCount "119"]
[EventDate "2023.06.10"]
[EventType "swiss"]
[EventRounds "9"]
[EventCountry "ITA"]
[SourceTitle "CBM 214 Extra"]
[Source "ChessBase"]
[SourceDate "2023.07.31"]
[SourceVersion "1"]
[SourceVersionDate "2023.07.31"]
[SourceQuality "1"]

1. d4 c5 2. d5 Nf6 3. Nf3 b5 4. e4 Nxe4 5. Bd3 Nf6 6. Bxb5 e6 7. dxe6 fxe6 8. 0-0 Be7 9. Qe2 0-0 10. Re1 Qc7 11. Nc3 Bb7 12. Ng5 Nc6 13. Nxe6 dxe6 14. Qxe6+ Kh8 15. Bxc6 Bd6 16. Ba4 Bxh2+ 17. Kh1 Rad8 18. Bg5 h6 19. Rad1 Bc8 20. Rxd8 Rxd8 21. Bxf6 Bxe6 22. Bxd8 Qxd8 23. Rxe6 Qh4 24. Re4 Bf4+ 25. Kg1 Qh2+ 26. Kf1 Bg5 27. Bc6 Qh1+ 28. Ke2 Qc1 29. Re8+ Kh7 30. Be4+ g6 31. Re6 Kg7 32. Rxg6+ Kf7 33. Rc6 Qxb2 34. Rxc5 Qa3 35. Rf5+ Ke6 36. Rf3 Qa6+ 37. Bd3 Qa5 38. Bc4+ Ke5 39. g3 Qd8 40. Rd3 Qc7 41. f4+ Kf5 42. Nd5 Qc5 43. Ne3+ Kg6 44. fxg5 Qxg5 45. Rd6+ Kg7 46. g4 Qe5 47. Rd7+ Kf6 48. Rxa7 Qh2+ 49. Kd3 Qd6+ 50. Bd5 Kg5 51. Ra8 Kf4 52. Ra4+ Kg5 53. Re4 Qa6+ 54. Bc4 Qa3+ 55. Bb3 Qa6+ 56. c4 Qd6+ 57. Rd4 Qg6+ 58. Kd2 Qb1 59. c5 Qb2+ 60. Nc2 1-0

[Event "Arco Christmas op 12th"]
[Site "Arco"]
[Date "2022.12.29"]
[Round "5"]
[White "Zanin, Luca"]
[Black "Buglisi, Massimo"]
[Result "1/2-1/2"]
[WhiteElo "1670"]
[BlackElo "1930"]
[PlyCount "114"]
[EventDate "2022.12.26"]
[EventType "swiss"]
[EventRounds "7"]
[EventCountry "ITA"]
[SourceTitle "CBM 212 Extra"]
[Source "ChessBase"]
[SourceDate "2023.03.31"]
[SourceVersion "1"]
[SourceVersionDate "2023.03.31"]
[SourceQuality "1"]

1. d4 c5 2. d5 Nf6 3. Nc3 g6 4. Nf3 Bg7 5. e4 d6 6. a4 0-0 7. Be2 e6 8. 0-0 exd5 9. exd5 Na6 10. Na2 Nb4 11. c4 Re8 12. Nxb4 cxb4 13. Rb1 Bf5 14. Bd3 Ne4 15. Be3 Bg4 16. h3 Bxf3 17. Qxf3 f5 18. Bxe4 Rxe4 19. b3 Bc3 20. Rfd1 b6 21. Bd2 Bxd2 22. Rxd2 Qe7 23. Qd3 Re8 24. Rbd1 a5 25. Kh1 Qe5 26. Kg1 Re7 27. Kh1 f4 28. Kh2 g5 29. Qf3 h6 30. g3 Kg7 31. g4 Re8 32. Kg2 Kf6 33. Kh2 Re1 34. Kg2 Rxd1 35. Rxd1 Qb2 36. Qd3 Qe5 37. Kf3 Re7 38. Qc2 Kg7 39. Qd3 Qb2 40. Rd2 Qa1 41. Rd1 Qf6 42. Qc2 Qg6 43. Qxg6+ Kxg6 44. Rd4 Kf6 45. Rd1 Re5 46. Rb1 Kg6 47. Rd1 h5 48. Rh1 Re8 49. h4 hxg4+ 50. Kxg4 gxh4 51. Rxh4 Re2 52. Kxf4 Rxf2+ 53. Ke4 Kg5 54. Rh3 Re2+ 55. Kd3 Rb2 56. Ke4 Kg4 57. Re3 Rb1 1/2-1/2

[Event "Kaltern op 5th"]
[Site "Kaltern"]
[Date "2022.10.21"]
[Round "1"]
[White "Barp, Alberto"]
[Black "Buglisi, Massimo"]
[Result "1-0"]
[WhiteElo "2413"]
[BlackElo "1943"]
[PlyCount "45"]
[EventDate "2022.10.21"]
[EventType "swiss"]
[EventRounds "5"]
[EventCountry "ITA"]
[SourceTitle "EXT 2024"]
[Source "ChessBase"]
[SourceDate "2023.10.10"]
[SourceVersion "1"]
[SourceVersionDate "2023.10.10"]
[SourceQuality "1"]

1. d4 c5 2. d5 Nf6 3. c4 b5 4. cxb5 a6 5. bxa6 g6 6. Nc3 Bg7 7. e4 0-0 8. e5 Ne8 9. h4 d6 10. e6 fxe6 11. h5 Nf6 12. hxg6 hxg6 13. Bd3 exd5 14. Bxg6 Bg4 15. Qd3 e6 16. Bg5 Bf5 17. Bxf5 exf5 18. Bxf6 Re8+ 19. Kf1 Qxf6 20. Qxd5+ Qe6 21. Re1 Qxd5 22. Rxe8+ Kf7 23. Nxd5 1-0

[Event "Arco op 43rd"]
[Site "Arco"]
[Date "2021.10.14"]
[Round "6"]
[White "Buglisi, Massimo"]
[Black "Astengo, Corrado"]
[Result "0-1"]
[WhiteElo "1934"]
[BlackElo "2072"]
[PlyCount "54"]
[EventDate "2021.10.09"]
[EventType "swiss"]
[EventRounds "9"]
[EventCountry "ITA"]
[SourceTitle "CBM 204 Extra"]
[Source "ChessBase"]
[SourceDate "2021.11.30"]
[SourceVersion "1"]
[SourceVersionDate "2021.11.30"]
[SourceQuality "1"]

1. e4 c5 2. d4 cxd4 3. c3 dxc3 4. Nxc3 Nc6 5. Nf3 d6 6. Bc4 a6 7. 0-0 Nf6 8. Qe2 Bg4 9. Be3 e6 10. h3 Bxf3 11. Qxf3 Ne5 12. Qe2 Nxc4 13. Qxc4 Rc8 14. Qb3 Qc7 15. Rac1 Qb8 16. Bb6 Rc6 17. f4 Be7 18. f5 Qc8 19. Be3 0-0 20. g4 h6 21. Kh1 Nh7 22. Ne2 Ng5 23. Qd3 Nxh3 24. f6 Bxf6 25. Rxc6 Qxc6 26. Rxf6 gxf6 27. Kh2 Ng5 0-1

[Event "Arco op 42nd"]
[Site "Arco"]
[Date "2020.10.13"]
[Round "4.32"]
[White "Wagner, Frank"]
[Black "Buglisi, Massimo"]
[Result "0-1"]
[WhiteElo "1761"]
[BlackElo "1918"]
[PlyCount "112"]
[EventDate "2020.10.10"]
[EventType "swiss"]
[EventRounds "9"]
[EventCountry "ITA"]
[SourceTitle "CBM 198 Extra"]
[Source "ChessBase"]
[SourceDate "2020.11.30"]
[SourceVersion "1"]
[SourceVersionDate "2020.11.30"]
[SourceQuality "1"]

1. d4 c5 2. Nf3 Nf6 3. c3 e6 4. Bf4 b6 5. h3 Bb7 6. e3 Be7 7. Be2 0-0 8. 0-0 cxd4 9. exd4 d6 10. Nbd2 Nbd7 11. Re1 a6 12. Bd3 Re8 13. Ne4 Bxe4 14. Bxe4 Nxe4 15. Rxe4 Nf6 16. Re1 b5 17. Qb3 Nd5 18. Bd2 Qc7 19. Rac1 Rec8 20. Ng5 Bxg5 21. Bxg5 Qc4 22. Qa3 Rc6 23. Rcd1 Rb6 24. Qb3 a5 25. Qxc4 bxc4 26. Bc1 a4 27. a3 Rab8 28. Re2 Kf8 29. g3 Rb5 30. Rdd2 Ne7 31. Rc2 Nc6 32. f4 h5 33. Kf2 Ne7 34. g4 g6 35. Ke1 Kg7 36. Rg2 Rh8 37. Rce2 Nd5 38. Kd1 hxg4 39. hxg4 Rh1+ 40. Re1 Rxe1+ 41. Kxe1 Nf6 42. Ke2 Rb8 43. Kf3 Rh8 44. Kg3 Rh1 45. Be3 Ne4+ 46. Kf3 d5 47. f5 exf5 48. gxf5 Rf1+ 49. Ke2 Rxf5 50. Rg4 Rh5 51. Rg2 f5 52. Kf3 Rh3+ 53. Ke2 Kf6 54. Bf4 g5 55. Be5+ Kg6 56. Bc7 Kh5 0-1

[Event "Arco op 42nd"]
[Site "Arco"]
[Date "2020.10.12"]
[Round "3.16"]
[White "Buglisi, Massimo"]
[Black "Voltolini, Giuseppe"]
[Result "0-1"]
[WhiteElo "1918"]
[BlackElo "2120"]
[PlyCount "130"]
[EventDate "2020.10.10"]
[EventType "swiss"]
[EventRounds "9"]
[EventCountry "ITA"]
[SourceTitle "CBM 198 Extra"]
[Source "ChessBase"]
[SourceDate "2020.11.30"]
[SourceVersion "1"]
[SourceVersionDate "2020.11.30"]
[SourceQuality "1"]

1. e4 Nf6 2. e5 Nd5 3. d4 d6 4. c4 Nb6 5. exd6 cxd6 6. Nc3 g6 7. Be3 Bg7 8. Rc1 0-0 9. b3 e5 10. dxe5 dxe5 11. Qxd8 Rxd8 12. c5 N6d7 13. Bc4 Nc6 14. Nf3 Na5 15. Bxf7+ Kxf7 16. Ng5+ Kg8 17. Ne6 Rf8 18. Nxf8 Nxf8 19. Ne4 Nc6 20. h4 Ne6 21. h5 Ned4 22. hxg6 hxg6 23. Bxd4 exd4 24. Nd6 Bf8 25. Kd2 Rb8 26. Rce1 Bd7 27. Re4 b6 28. Reh4 Bg7 29. cxb6 Rxb6 30. Re4 Ra6 31. a4 Na5 32. Ne8 Nxb3+ 33. Ke1 Bxe8 34. Rxe8+ Kf7 35. Rb8 Rxa4 36. Rh7 Nc5 37. Rc8 Ne6 38. Rc6 Ra1+ 39. Ke2 Ra2+ 40. Kd3 Ra3+ 41. Ke2 Nf4+ 42. Kd2 Nh5 43. Rc8 Rc3 44. Ra8 Rc7 45. g3 Rd7 46. Kd3 a5 47. Rxa5 Kg8 48. Rhxh5 gxh5 49. Rxh5 Ra7 50. Rd5 Ra2 51. Rf5 Ra3+ 52. Kd2 Bh6+ 53. Kd1 Ra2 54. g4 Bd2 55. Ke2 Be3+ 56. Ke1 Bh6 57. g5 Bf8 58. Rd5 Bb4+ 59. Kd1 Bc3 60. f4 Rg2 61. Rd7 Kf8 62. Rd6 Ke7 63. Rc6 Kd7 64. Rc5 Kd6 65. Rc8 Kd5 0-1

[Event "Arco op 41st"]
[Site "Arco"]
[Date "2019.10.09"]
[Round "6"]
[White "Voltolini, Giuseppe"]
[Black "Buglisi, Massimo"]
[Result "1-0"]
[WhiteElo "2115"]
[BlackElo "1930"]
[PlyCount "65"]
[EventDate "2019.10.04"]
[EventType "swiss"]
[EventRounds "9"]
[EventCountry "ITA"]
[SourceTitle "EXT 2020"]
[Source "ChessBase"]
[SourceDate "2019.10.17"]
[SourceVersion "1"]
[SourceVersionDate "2019.10.17"]
[SourceQuality "1"]

1. d4 Nf6 2. c4 c5 3. d5 b5 4. cxb5 a6 5. e3 Bb7 6. Nc3 Qa5 7. Bd2 axb5 8. Bxb5 Qb6 9. Nf3 Nxd5 10. a4 e6 11. 0-0 Be7 12. e4 Nb4 13. Ne5 N8c6 14. Nc4 Qc7 15. Qg4 0-0 16. Bf4 e5 17. Bh6 Bf6 18. Bxc6 dxc6 19. Bg5 Bxg5 20. Qxg5 f6 21. Qg4 Bc8 22. Qe2 Be6 23. Rfd1 Rfd8 24. Rxd8+ Rxd8 25. a5 Nc2 26. Qxc2 Bxc4 27. Na4 Bd3 28. Qxc5 Bxe4 29. a6 Rd5 30. a7 Qd8 31. Qc4 Bd3 32. Qxc6 Bb5 33. Qxd5+ 1-0

[Event "Verona-chT Serie C/8 51st"]
[Site "Verona"]
[Date "2019.03.15"]
[Round "1.2"]
[White "Tissino, Tiziano"]
[Black "Buglisi, Massimo"]
[Result "0-1"]
[WhiteElo "1728"]
[BlackElo "1936"]
[PlyCount "102"]
[EventDate "2019.03.15"]
[EventType "team-tourn"]
[EventRounds "5"]
[EventCountry "ITA"]
[SourceTitle "EXT 2022"]
[Source "ChessBase"]
[SourceDate "2021.10.06"]
[SourceVersion "1"]
[SourceVersionDate "2021.10.06"]
[SourceQuality "1"]
[WhiteTeam "Padova Micha Bishops"]
[BlackTeam "Gardolo Trento Nettuno"]
[WhiteTeamCountry "ITA"]
[BlackTeamCountry "ITA"]

1. d4 c5 2. dxc5 e6 3. Be3 Na6 4. g3 Nxc5 5. c3 d5 6. Nf3 Nf6 7. Bg2 Bd6 8. 0-0 0-0 9. Nbd2 b5 10. Nb3 Nce4 11. Nfd4 Bd7 12. f3 Nc5 13. Kh1 Rc8 14. f4 Na4 15. Bc1 Nb6 16. Qd3 Nc4 17. Nd2 e5 18. fxe5 Nxe5 19. Qb1 Neg4 20. N2f3 Ne4 21. Nh4 Nxh2 22. Bxe4 dxe4 23. Rg1 f5 24. Bd2 Bxg3 25. Nhxf5 Bxf5 26. Rxg3 Qh4 27. Nxf5 Rxf5 28. Kg2 Nf1 29. Qxf1 Rxf1 30. Rxf1 Qh5 31. Rf2 Qd5 32. Be3 a5 33. Rg5 Qc6 34. Rff5 h6 35. Rc5 Qe6 36. Rce5 Qc4 37. Rg3 Qxe2+ 38. Kh3 Qf1+ 39. Kh2 Qe2+ 40. Kh3 Qf1+ 41. Kh2 g5 42. Rxe4 Rd8 43. Bd4 Qf5 44. Re5 Qc2+ 45. Rg2 Qd1 46. Rxb5 Rf8 47. Rb7 Rf4 48. Bf2 Qd5 49. Rb8+ Kh7 50. Bg3 Rf1 51. b3 Qf7 0-1

[Event "Arco Christmas op 9th"]
[Site "Arco"]
[Date "2018.12.28"]
[Round "4"]
[White "Buglisi, Massimo"]
[Black "Privitera, Franco"]
[Result "0-1"]
[WhiteElo "1941"]
[BlackElo "2004"]
[PlyCount "54"]
[EventDate "2018.12.26"]
[EventType "swiss"]
[EventRounds "7"]
[EventCountry "ITA"]
[SourceTitle "CBM 188 Extra"]
[Source "ChessBase"]
[SourceDate "2019.02.26"]
[SourceVersion "1"]
[SourceVersionDate "2019.02.26"]
[SourceQuality "1"]

1. e4 g6 2. d4 Bg7 3. Nc3 d6 4. f4 a6 5. Nf3 Nd7 6. Bd3 b5 7. e5 c5 8. Ne4 Bb7 9. c3 Nh6 10. exd6 0-0 11. 0-0 cxd4 12. Nxd4 e5 13. fxe5 Nxe5 14. h3 Nxd3 15. Qxd3 Bxe4 16. Qxe4 Qxd6 17. Bf4 Qc5 18. Kh1 Rfe8 19. Qf3 Nf5 20. Nxf5 Qxf5 21. Qb7 Qe4 22. Qxe4 Rxe4 23. Rad1 a5 24. Rd7 b4 25. Bd6 f5 26. cxb4 axb4 27. Bxb4 Rxb4 0-1

[Event "Arco op 40th"]
[Site "Arco"]
[Date "2018.10.16"]
[Round "4"]
[White "Buglisi, Massimo"]
[Black "Vezzani, Stefano"]
[Result "0-1"]
[WhiteElo "1884"]
[BlackElo "2119"]
[PlyCount "94"]
[EventDate "2018.10.13"]
[EventType "swiss"]
[EventRounds "9"]
[EventCountry "ITA"]
[SourceTitle "CBM 186 Extra"]
[Source "ChessBase"]
[SourceDate "2018.08.24"]
[SourceVersion "1"]
[SourceVersionDate "2018.08.24"]
[SourceQuality "1"]

1. e4 g6 2. d4 Bg7 3. Nc3 a6 4. f4 d5 5. e5 Nh6 6. Nf3 Bg4 7. h3 Bxf3 8. Qxf3 Nf5 9. Qf2 h5 10. Bd3 e6 11. Bd2 Nc6 12. Ne2 h4 13. c3 Qd7 14. 0-0-0 0-0-0 15. Kb1 Kb8 16. Rc1 Bf8 17. Rhd1 Na7 18. Ng1 Be7 19. Nf3 Nc8 20. Be1 Nb6 21. Nd2 Rc8 22. Qe2 c5 23. dxc5 Bxc5 24. Bf2 Qe7 25. Nb3 Bxf2 26. Qxf2 Nc4 27. Bxc4 Rxc4 28. Nd2 Rc7 29. c4 Rhc8 30. cxd5 Rxc1+ 31. Rxc1 Rxc1+ 32. Kxc1 Qc7+ 33. Kb1 exd5 34. Nf3 Qc4 35. Ng5 d4 36. Qc2 Qf1+ 37. Qc1 Qxg2 38. Nxf7 Qe4+ 39. Ka1 Qd5 40. Nd6 Nxd6 41. exd6 Qxd6 42. Qd2 Qd5 43. b3 d3 44. Kb2 Qf5 45. Qe3 Qf6+ 46. Qe5+ Qxe5+ 47. fxe5 g5 0-1

[Event "Arco Christmas op 8th"]
[Site "Arco"]
[Date "2017.12.27"]
[Round "2"]
[White "Buglisi, Massimo"]
[Black "Medancic, Rikard"]
[Result "0-1"]
[WhiteElo "1891"]
[BlackElo "2187"]
[PlyCount "48"]
[EventDate "2017.12.26"]
[EventType "swiss"]
[EventRounds "7"]
[EventCountry "ITA"]
[SourceTitle "CBM 182 Extra"]
[Source "ChessBase"]
[SourceDate "2018.02.23"]
[SourceVersion "1"]
[SourceVersionDate "2018.02.23"]
[SourceQuality "1"]

1. e4 Nf6 2. e5 Ng8 3. d4 d6 4. Nf3 Bg4 5. Bc4 d5 6. Bd3 e6 7. c4 dxc4 8. Bxc4 c6 9. Nc3 Ne7 10. Bg5 h6 11. Ne4 hxg5 12. Nd6+ Kd7 13. Nxf7 Qa5+ 14. Kf1 Rh5 15. Nd6 Nd5 16. Nxb7 Qb4 17. Bxd5 cxd5 18. Nc5+ Bxc5 19. dxc5 Nc6 20. Kg1 Qf4 21. Qd3 Bxf3 22. gxf3 g4 23. fxg4 Qxg4+ 24. Kf1 Rg5 0-1

[Event "Arco Christmas op 8th"]
[Site "Arco"]
[Date "2017.12.27"]
[Round "3"]
[White "Ziberna, Giuliano"]
[Black "Buglisi, Massimo"]
[Result "0-1"]
[WhiteElo "1589"]
[BlackElo "1891"]
[PlyCount "46"]
[EventDate "2017.12.26"]
[EventType "swiss"]
[EventRounds "7"]
[EventCountry "ITA"]
[SourceTitle "CBM 182 Extra"]
[Source "ChessBase"]
[SourceDate "2018.02.23"]
[SourceVersion "1"]
[SourceVersionDate "2018.02.23"]
[SourceQuality "1"]

1. c4 e5 2. Nc3 d6 3. g3 f5 4. e3 Nf6 5. Nge2 Be7 6. Bg2 0-0 7. b3 c6 8. Bb2 Na6 9. 0-0 Qe8 10. d3 Qh5 11. f4 Ng4 12. Rf3 Qxh2+ 13. Kf1 Nc5 14. e4 fxe4 15. dxe4 Ne6 16. f5 Ng5 17. Rd3 Bxf5 18. exf5 Rxf5+ 19. Nf4 h5 20. Nce2 Raf8 21. Bc1 h4 22. Ke1 exf4 23. Nxf4 Qg1+ 0-1

[Event "Kaltern Trophy-A 2nd"]
[Site "Kaltern"]
[Date "2017.10.28"]
[Round "3"]
[White "Schmuki, Roman"]
[Black "Buglisi, Massimo"]
[Result "0-1"]
[WhiteElo "2038"]
[BlackElo "1930"]
[PlyCount "110"]
[EventDate "2017.10.27"]
[EventType "swiss"]
[EventRounds "5"]
[EventCountry "ITA"]
[SourceTitle "CBM 181 Extra"]
[Source "ChessBase"]
[SourceDate "2017.12.12"]
[SourceVersion "1"]
[SourceVersionDate "2017.12.12"]
[SourceQuality "1"]

1. e4 d6 2. d4 Nf6 3. Bd3 e5 4. c3 d5 5. dxe5 Nxe4 6. Nf3 Nc6 7. 0-0 Bg4 8. Bf4 Nc5 9. Bc2 Ne6 10. Bg3 d4 11. Qe2 Qd7 12. Rd1 0-0-0 13. Be4 Ng5 14. Nbd2 Nxe4 15. Nxe4 Qf5 16. Rd3 Be7 17. Rad1 dxc3 18. Rxd8+ Rxd8 19. Rxd8+ Bxd8 20. bxc3 Nxe5 21. Bxe5 Bxf3 22. Qxf3 Qxe5 23. g3 f5 24. Nd2 Qe1+ 25. Nf1 g6 26. c4 c6 27. Qd3 Bb6 28. Qd2 Qxd2 29. Nxd2 Kd7 30. Kf1 Kd6 31. f4 Kc5 32. Ke2 Kd4 33. h3 Kc3 34. g4 Bc7 35. gxf5 gxf5 36. c5 Bxf4 37. Nb3 Kc4 38. Na5+ Kxc5 39. Nxb7+ Kb4 40. Nd8 c5 41. Kd3 c4+ 42. Kd4 c3 43. Kd3 Bd2 44. Nc6+ Ka3 45. Kc2 a6 46. h4 f4 47. Ne5 Kxa2 48. h5 Ka3 49. h6 Kb4 50. Nf3 a5 51. Ng5 f3 52. Nxf3 Bxh6 53. Nd4 Bd2 54. Nc6+ Kb5 55. Nd4+ Kc4 0-1

[Event "Arco op-A 39th"]
[Site "Arco"]
[Date "2017.10.12"]
[Round "6"]
[White "Bilku, Andras"]
[Black "Buglisi, Massimo"]
[Result "1-0"]
[WhiteElo "1600"]
[BlackElo "1930"]
[PlyCount "63"]
[EventDate "2017.10.07"]
[EventType "swiss"]
[EventRounds "9"]
[EventCountry "ITA"]
[SourceTitle "CBM 181 Extra"]
[Source "ChessBase"]
[SourceDate "2017.12.12"]
[SourceVersion "1"]
[SourceVersionDate "2017.12.12"]
[SourceQuality "1"]

1. d4 Nf6 2. c4 c5 3. d5 b5 4. Qc2 Qa5+ 5. Bd2 b4 6. e4 d6 7. h3 g6 8. Be2 Bg7 9. Bd3 0-0 10. f4 Nh5 11. Ne2 e6 12. g4 Nf6 13. dxe6 fxe6 14. e5 dxe5 15. fxe5 Nfd7 16. Be4 Nb6 17. Bxa8 Nxa8 18. Qe4 Qa6 19. Rf1 Rxf1+ 20. Kxf1 Bb7 21. Qd3 Bd5 22. b3 Bxe5 23. Nbc3 bxc3 24. Bxc3 Bxc3 25. Nxc3 Bb7 26. Qd8+ Kg7 27. Qe7+ Kg8 28. Rd1 Nc6 29. Qe8+ Kg7 30. Rd7+ Kf6 31. Rf7+ Kg5 32. Ne4+ 1-0

[Event "Arco op 38th"]
[Site "Arco"]
[Date "2016.10.16"]
[Round "9"]
[White "Buglisi, Massimo"]
[Black "Trauth, Michael"]
[Result "0-1"]
[WhiteElo "1914"]
[BlackElo "2157"]
[PlyCount "60"]
[EventDate "2016.10.08"]
[EventType "swiss"]
[EventRounds "9"]
[EventCountry "ITA"]
[SourceTitle "EXT 2017"]
[Source "ChessBase"]
[SourceDate "2016.10.25"]
[SourceVersion "1"]
[SourceVersionDate "2016.10.25"]
[SourceQuality "1"]

1. e4 c5 2. d4 cxd4 3. c3 dxc3 4. Nxc3 Nc6 5. Nf3 e6 6. Bc4 a6 7. 0-0 b5 8. Bb3 Bb7 9. Nd5 Nf6 10. Re1 Na5 11. Bf4 Rc8 12. Rc1 Bc5 13. Rxc5 Rxc5 14. Nxf6+ Qxf6 15. Bd6 Nxb3 16. axb3 Rc6 17. Ne5 Qd8 18. Qf3 Qf6 19. Qd3 Qd8 20. Rd1 f6 21. Nxc6 Bxc6 22. f4 Kf7 23. e5 f5 24. g4 Qh4 25. h3 g6 26. Bc5 fxg4 27. Bf2 Qh5 28. Rc1 Qf5 29. Qd6 Qe4 30. Rxc6 Qxc6 0-1

[Event "Arco op 38th"]
[Site "Arco"]
[Date "2016.10.13"]
[Round "6"]
[White "Kellner, Nikolaus"]
[Black "Buglisi, Massimo"]
[Result "0-1"]
[WhiteElo "1663"]
[BlackElo "1914"]
[PlyCount "40"]
[EventDate "2016.10.08"]
[EventType "swiss"]
[EventRounds "9"]
[EventCountry "ITA"]
[SourceTitle "EXT 2017"]
[Source "ChessBase"]
[SourceDate "2016.10.25"]
[SourceVersion "1"]
[SourceVersionDate "2016.10.25"]
[SourceQuality "1"]

1. g4 e5 2. e3 h5 3. g5 Qxg5 4. Nf3 Qe7 5. Nc3 Nf6 6. Nb5 d5 7. d4 e4 8. Ne5 c6 9. Nc3 Nbd7 10. f4 Nxe5 11. dxe5 Ng4 12. Ne2 Qh4+ 13. Ng3 Nxh2 14. Kf2 Ng4+ 15. Kg2 Qd8 16. Nxh5 g6 17. Nf6+ Nxf6 18. Rxh8 Nh5 19. Be2 Qh4 20. Rxh5 Bh3+ 0-1